Statistics for German - Topic of Towns and Houses

Click here to take the quiz!

General Stats

  • This quiz has been taken 12 times
  • The average score is 11 of 28

Answer Stats

HintAnswer% Correct
MountainBerg
83%
SeaMeer
83%
RiverFluss
67%
CoastKüste
67%
CountryLand
67%
ValleyTal
67%
Far fromWeit von
67%
Far awayWeit weg
67%
FlatWohnung
67%
Outside ofausserhalb von
50%
HillHügel
50%
North ofnördlich von
50%
On the edge of townam Stadtrand
33%
FarmhouseBauernhaus
33%
In the town centreim Stadtzentrum
33%
SuburbVorort
33%
On the edge of the villageam Dorfrand
17%
BungalowBungalow
17%
Semi-detached houseDoppelhaus
17%
Detached houseEinfamilienhaus
17%
A big villageein großes Dorf
17%
A small villageein kleines Dorf
17%
In the centre of the villagein der Dorfmitte
17%
In the town centrein der Stadtmitte
17%
Terraced houseReihenhaus
17%
Block of flatsWohnblock
17%
Housing estateWohnsiedlung
17%
Two-family houseZweifamilienhaus
17%

Score Distribution

Percentile by Number Answered

Percent of People with Each Score

Your Score History

You have not taken this quiz